|
|
|
|
| LEADER |
00000cam a2200000 a 4500 |
| 001 |
vtls001446290 |
| 003 |
SK-MaSNL |
| 005 |
20260301203026.0 |
| 008 |
240226s2002 xo dl grn 000 0 slo |
| 015 |
|
|
|a SNBA2003/04-00996
|
| 020 |
|
|
|a 8089062148
|q (brožované)
|
| 035 |
|
|
|a SNK000401533
|
| 035 |
|
|
|a urn:nbn:sk:snk-am3isp4
|
| 035 |
|
|
|a F652230D-BEE7-4CD9-A2BF-C39E19337B02
|
| 035 |
|
|
|a urn:nbn:sk:snk-am00fgda
|
| 040 |
|
|
|a SNK
|b slo
|c SNK
|e AACR2
|
| 041 |
0 |
|
|a slo
|b eng
|
| 044 |
|
|
|a xo
|c SK
|
| 072 |
|
7 |
|a 628
|x Sanitárna technika. Vodárenstvo. Odpadové hospodárstvo. Svetelná technika
|2 konspekt
|
| 080 |
|
|
|a 631.461.4
|2 2011
|
| 080 |
|
|
|a 546.175
|2 2011
|
| 080 |
|
|
|a (048.8)
|2 2011
|
| 080 |
|
|
|a 628.1.033
|2 2011
|
| 080 |
|
|
|a 628.16
|2 2011
|
| 080 |
|
|
|a 628.31/.35
|2 2011
|
| 100 |
1 |
|
|a Büchlerová, Elena
|4 aut
|9 321555
|
| 245 |
1 |
0 |
|a Využitie autotrofnej denitrifikácie na úpravu pitných vôd
|c Elena Büchlerová, Štefan Olejko
|
| 260 |
|
|
|a Bratislava
|b Výskumný ústav vodného hospodárstva
|c 2002
|
| 300 |
|
|
|a 64 strán
|b grafy, schémy, tabuľky
|c 21 cm
|
| 366 |
|
|
|e 250 kusov
|
| 490 |
1 |
|
|a Práce a štúdie
|v č. 145
|
| 504 |
|
|
|a Bibliografia na strane 62-64
|
| 546 |
|
|
|a Anglické resumé
|
| 650 |
0 |
7 |
|a pitná voda
|2 SNKPH
|9 69061
|
| 650 |
0 |
7 |
|a dusičnany
|2 SNKPH
|9 14977
|
| 650 |
0 |
7 |
|a denitrifikácia
|2 SNKPH
|9 51071
|
| 650 |
0 |
7 |
|a úprava vody
|2 SNKPH
|9 30045
|
| 650 |
0 |
7 |
|a čistenie odpadových vôd
|2 SNKPH
|9 66097
|
| 655 |
|
7 |
|a štúdie
|2 SNKPH
|9 57033
|
| 700 |
1 |
|
|a Olejko, Štefan
|4 aut
|9 585927
|
| 810 |
2 |
|
|a Výskumný ústav vodného hospodárstva (Bratislava, Slovensko)
|t Práce a štúdie
|9 462058
|
| 919 |
|
|
|a 80-89062-14-8
|
| 958 |
|
|
|a TL
|
| 958 |
|
|
|a NB
|
| 958 |
|
|
|a OND
|
| 999 |
|
|
|c 901079
|d 903009
|
| 952 |
|
|
|a SNK
|b SNK
|y PREZ
|7 0
|p 17A0367894
|o snkSC 110179
|i snkKSP 15206/2002
|0 0
|1 0
|4 0
|d 2002-12-17
|f 1
|l 0
|r 2025-09-30 00:00:00
|w 2026-02-24
|
| 952 |
|
|
|a SNK
|b SNK
|y VYP
|7 0
|p 17A0367895
|o snkSC 110179 D1
|i snkKSP 15207/2002
|0 0
|1 0
|4 0
|d 2002-12-17
|l 0
|r 2005-01-02 00:00:00
|w 2026-02-24
|